<?xml version="1.0" encoding="UTF-8"?>
<record
    xmlns:xsi="http://www.w3.org/2001/XMLSchema-instance"
    xsi:schemaLocation="http://www.loc.gov/MARC21/slim http://www.loc.gov/standards/marcxml/schema/MARC21slim.xsd"
    xmlns="http://www.loc.gov/MARC21/slim">

  <leader>00524nam a22001817a 4500</leader>
  <controlfield tag="005">20250822094426.0</controlfield>
  <datafield tag="020" ind1=" " ind2=" ">
    <subfield code="a">9789552312717</subfield>
  </datafield>
  <datafield tag="082" ind1=" " ind2=" ">
    <subfield code="a">543 SAP</subfield>
  </datafield>
  <datafield tag="100" ind1=" " ind2=" ">
    <subfield code="a">Saparamadu,M.D.J.S</subfield>
    <subfield code="9">711</subfield>
  </datafield>
  <datafield tag="245" ind1=" " ind2=" ">
    <subfield code="a">Analytical Chemistry - Classical methods I</subfield>
  </datafield>
  <datafield tag="260" ind1=" " ind2=" ">
    <subfield code="a">Colombo</subfield>
    <subfield code="b">Open University</subfield>
    <subfield code="c">1988</subfield>
  </datafield>
  <datafield tag="300" ind1=" " ind2=" ">
    <subfield code="a">77p</subfield>
  </datafield>
  <datafield tag="490" ind1=" " ind2=" ">
    <subfield code="a">Course of study Leading - CMU 3123 </subfield>
  </datafield>
  <datafield tag="505" ind1=" " ind2=" ">
    <subfield code="a">Bachelor Science :Level 5</subfield>
  </datafield>
  <datafield tag="650" ind1=" " ind2=" ">
    <subfield code="a">classical methods</subfield>
    <subfield code="a"> chemistry</subfield>
    <subfield code="a">analytical  chemistry</subfield>
    <subfield code="a"> CMU3123</subfield>
    <subfield code="9">712</subfield>
  </datafield>
  <datafield tag="650" ind1=" " ind2=" ">
    <subfield code="a">OUSL</subfield>
    <subfield code="9">81</subfield>
  </datafield>
  <datafield tag="942" ind1=" " ind2=" ">
    <subfield code="c">BK</subfield>
  </datafield>
  <datafield tag="999" ind1=" " ind2=" ">
    <subfield code="c">3151</subfield>
    <subfield code="d">3151</subfield>
  </datafield>
  <datafield tag="952" ind1=" " ind2=" ">
    <subfield code="0">0</subfield>
    <subfield code="1">0</subfield>
    <subfield code="7">0</subfield>
    <subfield code="8">NFIC</subfield>
    <subfield code="a">IC</subfield>
    <subfield code="b">IC</subfield>
    <subfield code="c">GEN</subfield>
    <subfield code="d">2016-02-09</subfield>
    <subfield code="l">10</subfield>
    <subfield code="o">543 SAP</subfield>
    <subfield code="p">007057</subfield>
    <subfield code="r">2023-12-06 12:23:41</subfield>
    <subfield code="s">2023-11-21</subfield>
    <subfield code="w">2016-02-09</subfield>
    <subfield code="y">BK</subfield>
  </datafield>
</record>
